Statistics for Minecraft Crafting Recipes

Click here to take the quiz!

General Stats

  • This quiz has been taken 146 times
  • The average score is 7 of 16

Answer Stats

Answer% Correct
diamond pickaxe
99%
enchanting table
71%
end crystal
61%
anvil
59%
pumpkin pie
50%
rabbit stew
47%
lead
44%
book and quill
43%
yellow concrete powder
43%
leather horse armor
38%
painting
37%
acacia wood
36%
magenta dye
33%
iron bars
23%
tinted glass
21%
recovery compass
13%

Score Distribution

Percentile by Number Answered

Percent of People with Each Score

Your Score History

You have not taken this quiz